000 00940nam a2200253Ia 4500
003 OSt
005 20221005111017.0
006 a|||||r|||| 00| 0
007 ta
008 221004b |||||||| |||| 00| 0 hin d
020 _a9788171196906 (hbk)
_c175
024 _a97493
037 _b576, 23/03/2009, Vani Prakashan
_cTextual
040 _aCRL
_cCRL
_bhin
041 _2hin
_ahin
082 _aO44(Y5927):g, P1
100 _aवाल्मीकि, ओमप्रकाश
245 0 _aदलित साहित्य का सौन्दर्यशास्त्र
246 _aDalit sāhitya kā saundaryashāstra
260 _aनई दिल्ली
_bराधाकृष्ण भारत
_c2001
300 _a119पृ0
_ccm.
942 _hO44(Y5927):g, P1
_cTEXL
_2cc
999 _c1020550
_d1020550